| 000 | 00967cam a2200229 i 4500 | ||
|---|---|---|---|
| 003 | SA-RiAUC | ||
| 005 | 20250828032805.0 | ||
| 008 | 250815s1981 iq g b 000 0 ara c | ||
| 040 |
_aJO-AmJU _bara _cSA-RiAUC _erda |
||
| 082 | 0 | 4 | _a011.31 |
| 090 |
_a011.31 _bع ب د |
||
| 100 | 1 |
_aعبد الرحمن، عبد الجبار _eمؤلف. |
|
| 245 | 1 | 0 |
_aذخائر التراث العربي : _bدليل بيبليوغرافي للمخطوطات العربية المطبوعة حتى عام، 1980 / _cعبد الجبار عبد الرحمن. |
| 264 | 1 |
_aالبصرة، العراق : _bعبد الجبار عبد الرحمن، _c1981. |
|
| 300 |
_a مجلد، _c24 سم. |
||
| 336 |
_aنص _btxt _2rdacontent _3كتاب |
||
| 337 |
_aبدون وسيط _bn _2rdamedia |
||
| 338 |
_aمجلد _bnc _2rdacarrier |
||
| 650 | 7 |
_aالمخطوطات العربية _vببليوجرافيات _2aucsh |
|
| 942 |
_2ddc _cBOOK _n0 |
||
| 949 |
_aSA-JeALM _d250815 _umohamedma123 _n1 |
||
| 999 |
_c11193 _d11193 |
||